| 000 | 01307nam a2200337 c 4500 | ||
|---|---|---|---|
| 003 | BLK | ||
| 005 | 20240909122518.0 | ||
| 008 | 180409b bul|||||r ||||||| ||bul|| | ||
| 010 | _aKNG00112109000 | ||
| 020 |
_a954-729-185-8 _bиздат.: Атика |
||
| 040 | _aBLK | ||
| 041 |
_aBUL _cBUL |
||
| 080 |
_aРуска литература _b821.161.1 _x-054.7-312.4 _z821.161.1-054.7-312.4 |
||
| 100 | 1 |
_aНезнански, Фридрих Евсеевич _eпърви автор _9101430 |
|
| 700 | 1 |
_aГеоргиева, Венета _eпрев. от рус. _9365839 |
|
| 139 |
_aНезнански, Фридрих _bН 46 |
||
| 245 | 1 | 0 |
_aЧерните банкери _bРоман _cФридрих Евсеевич Незнански; прев. от рус. Венета Георгиева. |
| 257 | _aRUS | ||
| 260 |
_аСофия _bАтика _c2004 |
||
| 300 |
_a319 с. _c20 см |
||
| 380 | _aX | ||
| 490 | 1 | _aСерия Ченге | |
| 500 | _aОриг. загл. Черные банкиры / Фридрих Незнанский. - Офс. изд. | ||
| 653 | _aкрими | ||
| 852 | _aЦб 218855 | ||
| 856 | 4 |
_qpdf _u |
|
| 856 | 4 |
_qpdf _u |
|
| 942 |
_cKNG _n0 _010 |
||
| 944 |
_aCR _c06.04.2004 _k30531 _lЦветелина Шанова |
||
| 944 |
_aED _c02.08.2006 _k |
||
| 999 |
_c106842 _d106842 |
||